The blue helmets: a review of United Nations peace-keeping
Tallennettuna:
| Yhteisötekijä: | |
|---|---|
| Aineistotyyppi: | Kirja |
| Kieli: | englanti |
| Julkaistu: |
Nueva York
Department of Public Information
1985
|
| Aiheet: | |
| Tagit: |
Lisää tagi
Ei tageja, Lisää ensimmäinen tagi!
|
MARC
| LEADER | 00000nam a2200000 a 4500 | ||
|---|---|---|---|
| 001 | UCO8275 | ||
| 003 | CL-VaPUC | ||
| 008 | 001201e19850000US |||||||||||||||||eng|d | ||
| 082 | 0 | 4 | |a 341.231 |b ONU |2 21 |
| 110 | 2 | |a ONU |e author |9 453184 | |
| 245 | 1 | 4 | |a The blue helmets: a review of United Nations peace-keeping |
| 300 | |a 350 p | ||
| 942 | |c BK | ||
| 945 | |d 20001201 00:00:00 |a crobeson | ||
| 260 | |a Nueva York |b Department of Public Information |c 1985 | ||
| 500 | |a Donación del profesor Manfred Wilhelmy von Wolff | ||
| 600 | 0 | 7 | |a NACIONES UNIDAS |2 CL-VaPUC |9 255446 |
| 650 | 0 | |a Organizaciones internacionales |9 329196 | |
| 650 | 7 | |a PAZ MUNDIAL |2 CL-VaPUC |9 453185 | |
| 650 | 7 | |a CONFLICTOS INTERNACIONALES |2 CL-VaPUC |9 334143 | |
| 650 | 0 | |a Seguridad internacional |9 256547 | |
| 650 | 0 | |a Asistencia humanitaria |9 375868 | |
| 583 | |a last modification |c 20001201 00:00:00 |k Rodrigo Vera | ||
| 999 | |c 293000 |d 292998 | ||
| 952 | |0 0 |1 0 |4 0 |6 341_231000000000000_ONU_1985 |7 0 |8 A |9 344095 |a BIBHIS |b BIBHIS |d 2019-11-20 |i 1236210 |o 341.231 ONU 1985 |p 1236210 |r 2025-01-20 |w 2019-11-20 |y BK |k HIS | ||